[Event "ESP-ch U16"]
[Site "Granada"]
[Date "2016.07.23"]
[Round "9"]
[White "Torcal Miguel, Oscar"]
[Black "Gomez Sanjuan, Hector Fernando"]
[Result "0-1"]
[WhiteElo "1927"]
[BlackElo "2071"]
[PlyCount "66"]
[EventDate "2016.07.18"]
[EventType "swiss"]
[EventRounds "9"]
[EventCountry "ESP"]
[SourceTitle "EXT 2024"]
[Source "ChessBase"]
[SourceDate "2023.10.10"]
[SourceVersion "1"]
[SourceVersionDate "2023.10.10"]
[SourceQuality "1"]

1. e4 g6 2. d4 Bg7 3. Nc3 d6 4. Be3 a6 5. a4 b6 6. Bc4 Bb7 7. f3 Nd7 8. Nge2 c5 9. 0-0 cxd4 10. Nxd4 Ngf6 11. Bd5 Qc7 12. Nde2 0-0 13. Bd4 Rac8 14. Kh1 Ne5 15. Bxe5 dxe5 16. Bxb7 Qxb7 17. Qd2 e6 18. Rad1 Qc7 19. Qd6 Ne8 20. Qxc7 Rxc7 21. Rd8 Nf6 22. Rd6 Rb8 23. Rfd1 Rcc8 24. Nc1 Bf8 25. R6d2 b5 26. axb5 axb5 27. Nd3 b4 28. Na4 b3 29. cxb3 Bh6 30. Re2 Rxb3 31. Nxe5 Bf4 32. Nd3 Rxd3 33. Rb1 Rd2 0-1

[Event "ESP-ch U14"]
[Site "Granada"]
[Date "2016.07.13"]
[Round "4"]
[White "Torcal Miguel, Oscar"]
[Black "Gines Esteo, Pedro Antonio"]
[Result "0-1"]
[WhiteElo "1927"]
[BlackElo "2210"]
[PlyCount "154"]
[EventDate "2016.07.11"]
[EventType "swiss"]
[EventRounds "9"]
[EventCountry "ESP"]
[SourceTitle "EXT 2024"]
[Source "ChessBase"]
[SourceDate "2023.10.10"]
[SourceVersion "1"]
[SourceVersionDate "2023.10.10"]
[SourceQuality "1"]

1. e4 d6 2. d4 Nf6 3. Nc3 e5 4. Nf3 Nbd7 5. Bc4 Be7 6. 0-0 0-0 7. Re1 c6 8. a4 b6 9. d5 cxd5 10. Nxd5 Bb7 11. c3 Rc8 12. Ba2 h6 13. h3 Re8 14. Nh2 Nxd5 15. Bxd5 Bxd5 16. Qxd5 Nf6 17. Qd1 d5 18. exd5 Nxd5 19. Rxe5 Nxc3 20. Qxd8 Rexd8 21. Rxe7 Rd1+ 22. Nf1 Na2 23. Rxa2 Rcxc1 24. g3 Rxf1+ 25. Kg2 Rg1+ 26. Kf3 Rc2 27. a5 Rf1 28. Re2 Rfc1 29. axb6 axb6 30. Ra8+ Kh7 31. Rae8 Rc5 32. Re1 R1c4 33. R8e5 Rxe5 34. Rxe5 Rb4 35. Re2 Rb3+ 36. Ke4 Kg6 37. Kd4 b5 38. Rc2 h5 39. h4 f6 40. Ke4 Rb4+ 41. Kf3 Rb3+ 42. Kf4 Rb4+ 43. Kf3 Kf5 44. Rc5+ Ke6 45. Rc2 Rb3+ 46. Ke4 Rb4+ 47. Kf3 Ke5 48. Ke2 Rb3 49. Rc5+ Ke4 50. Rc2 Kf5 51. Kf1 g5 52. hxg5 fxg5 53. Re2 h4 54. Kg2 Kg4 55. Re4+ Kf5 56. Re2 Rd3 57. gxh4 gxh4 58. f3 b4 59. Kh3 b3 60. Kxh4 Kf4 61. Kh3 Kxf3 62. Rg2 Ke3 63. Kg4 Rd4+ 64. Kf5 Kd3 65. Ke5 Rd8 66. Rh2 Rg8 67. Rh3+ Kc2 68. Rh2+ Kb1 69. Kd4 Rc8 70. Kd3 Rc2 71. Rh1+ Kxb2 72. Re1 Rc8 73. Re7 Ka1 74. Rb7 b2 75. Ra7+ Kb1 76. Kd2 Rd8+ 77. Kc3 Kc1 0-1

[Event "Estadilla op 30th rapid"]
[Site "Estadilla"]
[Date "2016.05.22"]
[Round "2"]
[White "Torcal Miguel, Oscar"]
[Black "Barbero Sendic, Alejandro"]
[Result "1-0"]
[WhiteElo "1546"]
[BlackElo "2362"]
[PlyCount "151"]
[EventDate "2016.05.22"]
[EventType "swiss (rapid)"]
[EventRounds "9"]
[EventCountry "ESP"]
[SourceTitle "EXT 2018"]
[Source "ChessBase"]
[SourceDate "2017.10.13"]
[SourceVersion "1"]
[SourceVersionDate "2017.10.13"]
[SourceQuality "1"]

1. e4 e5 2. Nf3 Nc6 3. Bc4 Nf6 4. d3 Be7 5. 0-0 0-0 6. Re1 d6 7. c3 Na5 8. Nbd2 Nxc4 9. Nxc4 Bg4 10. h3 Bh5 11. Ne3 Re8 12. Nf5 Bg6 13. N3h4 d5 14. Qf3 Qd7 15. Bg5 c6 16. Bxf6 Bxf6 17. Nxg6 fxg6 18. Nh6+ Kh8 19. Ng4 Qd6 20. Qg3 Bg5 21. d4 Bf4 22. dxe5 Bxg3 23. exd6 Bxd6 24. exd5 cxd5 25. Ne3 Re5 26. Rad1 Rae8 27. Kf1 Kg8 28. Nxd5 Bc5 29. Nc7 Rxe1+ 30. Rxe1 Rf8 31. Re2 Rc8 32. Ne6 Bb6 33. Rd2 Re8 34. Nf4 Rf8 35. Nd5 Bc5 36. Nc7 Be3 37. Re2 Bb6 38. Nd5 Bd8 39. f3 Bh4 40. Re4 Bg3 41. Ke2 Rd8 42. Nf4 Kf7 43. Ne6 Rd6 44. Ng5+ Kf6 45. Rg4 Rb6 46. Ne4+ Kf7 47. Rxg3 Rxb2+ 48. Kd3 Rxa2 49. Nd6+ Ke6 50. Nxb7 a5 51. Rg4 Ra1 52. Nc5+ Kd5 53. Na4 Ke5 54. Rg5+ Kf4 55. Rxa5 Ra2 56. Rd5 Rxg2 57. c4 Rg3 58. Rd4+ Ke5 59. Re4+ Kd6 60. Kd4 Rxf3 61. c5+ Kd7 62. Kd5 Rxh3 63. c6+ Kd8 64. Nc5 Rh1 65. Ne6+ Kc8 66. Kd6 h5 67. Nd4 Kb8 68. c7+ Kb7 69. Re8 Rc1 70. Nb5 Rd1+ 71. Ke7 Re1+ 72. Kf7 Rxe8 73. Kxe8 Kc8 74. Ke7 h4 75. Kd6 h3 76. Kc6 1-0

[Event "Aragon-chT Honor GrB"]
[Site "Aragon"]
[Date "2016.03.05"]
[Round "6.24"]
[White "Torcal Miguel, Oscar"]
[Black "Labena Bernal, Antonio"]
[Result "0-1"]
[WhiteElo "1902"]
[BlackElo "2109"]
[PlyCount "120"]
[EventDate "2016.01.30"]
[EventType "team-tourn"]
[EventRounds "7"]
[EventCountry "ESP"]
[SourceTitle "EXT 2018"]
[Source "ChessBase"]
[SourceDate "2017.10.13"]
[SourceVersion "1"]
[SourceVersionDate "2017.10.13"]
[SourceQuality "1"]
[WhiteTeam "IberCaja"]
[BlackTeam "St Casablanca II"]
[WhiteTeamCountry "ESP"]
[BlackTeamCountry "ESP"]

1. e4 e5 2. Nf3 Nc6 3. Bc4 Nf6 4. d3 Be7 5. c3 0-0 6. Bg5 Ne8 7. Be3 d6 8. 0-0 Na5 9. Bb5 f5 10. Qe2 fxe4 11. dxe4 Bg4 12. Nbd2 c6 13. Ba4 b5 14. Bb3+ Nxb3 15. axb3 Qc7 16. h3 Bh5 17. Qd3 Bg6 18. c4 b4 19. Ra4 a5 20. Rfa1 Nf6 21. Nh4 Bf7 22. Nf5 Bg6 23. Nxe7+ Qxe7 24. Rxa5 Rxa5 25. Rxa5 Rd8 26. Ra7 Rd7 27. Ra8+ Kf7 28. Bg5 d5 29. Bxf6 gxf6 30. cxd5 cxd5 31. Qe2 dxe4 32. Nxe4 Rd4 33. f3 Qb7 34. Ra6 Bxe4 35. fxe4 Rxe4 36. Qh5+ Kg7 37. Re6 Qf7 38. Qxf7+ Kxf7 39. Rb6 Kg6 40. Kf2 h5 41. Kf3 Rf4+ 42. Ke3 Kg5 43. g3 Rd4 44. Rb7 f5 45. Rb6 Re4+ 46. Kf3 h4 47. g4 Rf4+ 48. Kg2 fxg4 49. Rb5 g3 50. Rxe5+ Rf5 51. Re4 Rf2+ 52. Kg1 Rh2 53. Rxb4 Rxh3 54. Rb8 Rh2 55. b4 Rxb2 56. Kf1 Rh2 57. Ke1 Rh1+ 58. Kd2 h3 59. Rg8+ Kf4 60. b5 g2 0-1